Types of Interchanges by Picture - Statistics

General Stats
  • This quiz has been taken 18 times
  • The average score is 8 of 18
Answer Stats
Picture Answer % Correct
Cloverleaf
88%
T
75%
Diamond
69%
Roundabout
56%
Three-Level Stacked Roundabout
56%
Trumpet
56%
Diverging Diamond
50%
Partial Cloverleaf
44%
Turbine
44%
Four-Level Stack
31%
Single-Point Urban
31%
Windmill
31%
Dumbbell
25%
Five-Level Stack
25%
Y
25%
Braided
19%
Cloverstack
19%
Six-Level Stack
19%
No matching quizzes found
Score Distribution
Percent of People with Each Score
Percentile by Number Answered
Your Score History
You have not taken this quiz